Statistics for Countries Without Three Most Common Letters

Click here to take the quiz!

General Stats

  • This quiz has been taken 72 times
    (41 since last reset)
  • The average score is 3 of 6

Answer Stats

Answer% Correct
Fiji
73%
Morocco
60%
Kosovo
47%
Burundi
40%
Comoros
37%
Cyprus
33%

Score Distribution

Percentile by Number Answered

Percent of People with Each Score

Your Score History

You have not taken this quiz since the last reset